Das Fürstengrab von Bahn Kr. Greifenhagen und die germanische Landnahme in Pommern

Titel: Das Fürstengrab von Bahn Kr. Greifenhagen und die germanische Landnahme in Pommern / von Hans Jürgen Eggers
Verfasser:
In: Baltische Studien, Band 38 (1938), Seite 1-47
alle Artikel anzeigen
Veröffentlicht: 1936
Umfang: Ill., graph. Darst.
Format: Aufsatz
Sprache: Deutsch
RVK-Notation:
Schlagworte:
Kein Bild verfügbar
X
alg: 13340936
001A    $00030:13-10-05 
001B    $03025:25-04-22 $t08:36:51.000 
001C    $05000:29-04-16 $t10:10:06.000 
001D    $00030:13-10-05 
001U    $0utf8 
001X    $00 
002@    $0Aou 
003@    $0133409368 
007A    $0133409368 $aHEB 
010@    $ager 
011@    $a1936 
021A    $aDas @Fürstengrab von Bahn Kr. Greifenhagen und die germanische Landnahme in Pommern $hvon Hans Jürgen Eggers 
028A    $#Eggers, Hans Jürgen $#Eggers, Hans-Jürgen $#Eggers, Hans J. $#Eggers, H. J. $7120987481 $8Eggers, Hans Jürgen$Z1906-1975 [Tp1] $9152469842 
031A    $d38 $h1-47 $j1938 
034M    $aIll., graph. Darst. 
039B    $aIn $8--Abvc--. Baltische Studien. - Kiel : Ludwig, 1832-. - ISSN 0067-3099 $x193800000380000999 $9047264489 
044K    $RMecklenburg-Vorpommern $#Pommern $#Pommern $#Herzogtum Pommern $#Herzogthum Pommern $#Provinz Pommern $#Pomorze $74046744-2 $8Pommern [Tg1] $9085130354 
045T    $aAVL $qDE-30 $2FID 
045Z    $8NF 3225 [Tkv] $9410863785 

lok: 13340936 3
101B    $005-10-09 $t16:50:03.000 
101C    $005-10-09 
101U    $0utf8 
145S/01 $a039 

exp: 13340936 3 1 #EPN
201B/01 $021-10-24 $t11:16:41.000 
201C/01 $013-10-05 
201U/01 $0utf8 
203@/01 $030600027X 
208@/01 $a13-10-05 $brCh 
209A/01 $a21/NF 3225 E29 $db $f330 $h21 NF 3225 E29 $x00 
209B/01 $a4405 $x05 
209C/01 $a154-97/76 
209G/01 $a1001913554 $x00 
237A/01 $aKopie 
247C/01 $8601330-2 <30/330>Frankfurt, Universitätsbibliothek J. C. Senckenberg, Bibliothekszentrum Geisteswissenschaften (BzG) $9102599378 

lok: 13340936 78

exp: 13340936 78 1 #EPN
201B/01 $025-04-22 $t08:36:06.000 
201C/01 $025-04-22 
201U/01 $0utf8 
203@/01 $01195779038 
208@/01 $a25-04-22 $be 
209A/01 $a/ $f000 $x00 
209A/01 $ab*p $x01 
220C/01 $aeja 
247C/01 $82080>Marburg/Lahn, Herder-Institut, Forschungsbibliothek, Bibliographieportal $9336309341
LEADER 00000caa a2200000 c 4500
001 133409368
003 DE-603
005 20220425083651.0
007 tu
008 051013s1936 xx |||| | u00||u|ger c
035 |a (DE-599)HEB133409368 
040 |a DE-603  |b ger  |c DE-603  |d DE-603 
041 |a ger 
084 |a AVL  |q DE-30  |2 fid 
084 |a NF 3225  |0 (DE-625)125217:1302  |0 (DE-603)410863785  |2 rvk 
100 1 |a Eggers, Hans Jürgen  |d 1906-1975  |0 (DE-603)152469842  |0 (DE-588)120987481  |2 gnd 
245 0 0 |a ˜Dasœ Fürstengrab von Bahn Kr. Greifenhagen und die germanische Landnahme in Pommern  |c von Hans Jürgen Eggers 
264 0 |c 1936 
300 |b Ill., graph. Darst. 
651 7 |a Pommern  |0 (DE-588)4046744-2  |0 (DE-603)085130354  |2 gnd 
773 0 8 |i In  |t Baltische Studien  |d Kiel : Ludwig, 1832-  |h 24 cm  |x 0067-3099  |g Band 38 (1938), Seite 1-47  |w (DE-603)047264489  |w (DE-600)202273-4 
924 0 |9 30/330  |a (DE-603)30600027X  |b DE-30-330  |c HES  |d d  |g 21/NF 3225 E29 
924 0 |9 2080  |a (DE-603)1195779038  |b DE-2080  |c HES  |d d  |g /